Countries With The Highest % of Blue Eyed People - Statistics

General Stats
  • This quiz has been taken 38 times
  • The average score is 13 of 15
Answer Stats
% Country % Correct
86.8 Sweden
100%
88.9 Norway
97%
87.7 Denmark
94%
96.5 Finland
94%
97.8 Estonia
91%
96.1 Latvia
89%
93.2 Iceland
86%
95.7 Lithuania
86%
83.4 Netherlands
86%
87.3 Poland
86%
90.2 Belarus
83%
84.8 Czech Republic
83%
81.5 Slovakia
83%
82.0 Ukraine
80%
85.0 Luxembourg
60%
No matching quizzes found
Score Distribution
Percent of People with Each Score
Percentile by Number Answered
Your Score History
You have not taken this quiz